Súčasný stav a prognóza rozvoja stavebníctva na Slovensku

Na minha lista:
Detalhes bibliográficos
Autor principal: Lalíková, D.
Outros Autores: Staněk, Peter
Formato: Capítulo de Livro
Idioma:eslovaco
Tags: Adicionar Tag
Sem tags, seja o primeiro a adicionar uma tag!

MARC

LEADER 00000naa a2200000 4500
001 0120357
005 20240502072342.0
041 0 |a slo 
044 |a SK 
245 1 0 |a Súčasný stav a prognóza rozvoja stavebníctva na Slovensku  |c D. Lalíková, Peter Staněk 
100 1 |a Lalíková, D. 
700 1 |a Staněk, Peter